[Event "Fredericia Chess IM 2016"]
[Site "Erritso"]
[Date "2016.05.07"]
[Round "6"]
[White "Lubbe, Nikolas"]
[Black "Matthiesen, Martin"]
[Result "1/2-1/2"]
[WhiteElo "2500"]
[BlackElo "2338"]
[PlyCount "91"]
[EventDate "2016.??.??"]



1. e4 e5 2. Nf3 Nc6 3. Bc4 Bc5 4. c3 Nf6 5. d3 d6 6. Bb3 a6 7. h3 Ba7 8. Nbd2
Ne7 9. Nf1 Ng6 10. Ng3 O-O 11. Nh2 Be6 12. O-O Qd7 13. Bg5 Ne8 14. Qf3 Bxb3 15.
axb3 f6 16. Be3 Ne7 17. Bxa7 Rxa7 18. Qe3 Ra8 19. f4 Rd8 20. d4 Qb5 21. b4 exd4
22. Qxd4 d5 23. Rad1 Nd6 24. exd5 Nef5 25. Qf2 Rfe8 26. Nxf5 Nxf5 27. Rfe1
Rxe1+ 28. Rxe1 Qxd5 29. Nf3 h5 30. Qc2 c5 31. bxc5 Qxc5+ 32. Kh2 h4 33. Qe2 Qd6
34. Qe4 Qd5 35. Qc2 Qc5 36. Qa4 Kh7 37. Qc2 Kg8 38. Qa4 Kh7 39. Qe4 Qd5 40. Qc2
Kh6 41. Qf2 Kh5 42. Nxh4 Nxh4 43. g4+ Kg6 44. Qxh4 Qd2+ 45. Kg1 Rh8 46. f5+
1/2-1/2

[Event "Fredericia Chess IM 2016"]
[Site "Erritso"]
[Date "2016.05.07"]
[Round "6"]
[White "Seegert, Kristian"]
[Black "Scheerer, Christoph"]
[Result "1-0"]
[WhiteElo "2231"]
[BlackElo "2363"]
[PlyCount "65"]
[EventDate "2016.??.??"]



1. e4 Nc6 2. Nf3 Nf6 3. e5 Ng4 4. d4 d6 5. h3 Nh6 6. Bb5 a6 7. Bxc6+ bxc6 8. c4
e6 9. Bxh6 gxh6 10. O-O Bg7 11. Re1 O-O 12. Nc3 Bb7 13. Qb3 Rb8 14. c5 Qe7 15.
Ne4 dxe5 16. dxe5 Rfd8 17. Rad1 Rd5 18. Rxd5 exd5 19. Nf6+ Kh8 20. Qc3 Rd8 21.
Qd4 Bc8 22. g4 Be6 23. Re3 Rb8 24. b4 a5 25. bxa5 Ra8 26. Ra3 Qd8 27. Kh2 Qb8
28. a6 Qb5 29. a7 Qb7 30. Qa4 d4 31. Qxd4 Bxf6 32. exf6 Bd5 33. Qd2 1-0

[Event "Fredericia Chess IM 2016"]
[Site "Erritso"]
[Date "2016.05.07"]
[Round "6"]
[White "Livner, Anders"]
[Black "Fries Nielsen, Jens Ove"]
[Result "1-0"]
[WhiteElo "2338"]
[BlackElo "2356"]
[PlyCount "77"]
[EventDate "2016.??.??"]



1. c4 Nf6 2. g3 d6 3. Bg2 Nc6 4. Nc3 Bd7 5. d3 a6 6. Bd2 Rb8 7. Rc1 Ne5 8. Nd5
h5 9. Nxf6+ exf6 10. d4 Ng6 11. h4 Be7 12. Bc3 c6 13. Qd2 Kf8 14. e4 f5 15. Ne2
Rh6 16. e5 Kg8 17. Rd1 d5 18. cxd5 cxd5 19. Bb4 Bxb4 20. Qxb4 f4 21. Bxd5 fxg3
22. fxg3 Ne7 23. Bf3 Nf5 24. Qd2 Qe7 25. Qf4 Re8 26. Be4 Nd6 27. Bf3 Nc4 28.
O-O Nxb2 29. Rb1 Rb6 30. Nc3 Bc6 31. Bxh5 g6 32. Be2 Rd8 33. Rf2 Rb4 34. Rbf1
Rbxd4 35. Qxf7+ Qxf7 36. Rxf7 Nd3 37. e6 Ne5 38. R7f4 g5 39. Rf5 1-0

[Event "Fredericia Chess IM 2016"]
[Site "Erritso"]
[Date "2016.05.07"]
[Round "6"]
[White "Olsen, Filip Boe"]
[Black "Dyrgaard, Kristoffer"]
[Result "1/2-1/2"]
[WhiteElo "2175"]
[BlackElo "2278"]
[PlyCount "49"]
[EventDate "2016.??.??"]



1. d4 Nf6 2. c4 g6 3. Nc3 d5 4. Bf4 Bg7 5. e3 O-O 6. Rc1 dxc4 7. Bxc4 c5 8.
dxc5 Qa5 9. Nge2 Qxc5 10. Qb3 Qa5 11. O-O Nc6 12. Rfd1 Qh5 13. Qb5 e5 14. Bg3
Rb8 15. Rd6 Bf5 16. Rcd1 Rbc8 17. Nc1 Ne8 18. R6d2 b6 19. Be2 Bg4 20. Bxg4 Qxg4
21. h3 Qe6 22. Qb3 Nc7 23. Rd6 Qxb3 24. Nxb3 Ne6 25. Nd5 1/2-1/2

[Event "Fredericia Chess IM 2016"]
[Site "Erritso"]
[Date "2016.05.07"]
[Round "7"]
[White "Matthiesen, Martin"]
[Black "Lubbe, Melanie"]
[Result "1/2-1/2"]
[WhiteElo "2338"]
[BlackElo "2261"]
[PlyCount "81"]
[EventDate "2016.??.??"]



1. e4 c5 2. Nc3 d6 3. g3 g6 4. Bg2 Bg7 5. d3 Nc6 6. f4 e6 7. Nf3 Nge7 8. O-O
O-O 9. Bd2 Rb8 10. Rb1 b5 11. a3 a5 12. a4 bxa4 13. Nxa4 Ba6 14. b3 Nd4 15. Kh1
Qc7 16. Nxd4 cxd4 17. Rc1 f5 18. Qe1 Nc6 19. exf5 exf5 20. Qe6+ Kh8 21. Rfe1
Nb4 22. Qe7 Qxe7 23. Rxe7 Rbc8 24. Ra7 Bb5 25. Bxb4 axb4 26. Nb6 Rc5 27. Nd7
Bxd7 28. Rxd7 Rfc8 29. Bb7 Re8 30. Ba6 Bf8 31. Bc4 Ra8 32. Re1 Rca5 33. Kg2
R5a7 34. Rxa7 Rxa7 35. Re8 Kg7 36. Rc8 Be7 37. Kf3 Ra5 38. Rc7 Kf6 39. Rb7 d5
40. Bb5 Ra2 41. Rb6+ 1/2-1/2

[Event "Fredericia Chess IM 2016"]
[Site "Erritso"]
[Date "2016.05.07"]
[Round "7"]
[White "Scheerer, Christoph"]
[Black "Lubbe, Nikolas"]
[Result "1/2-1/2"]
[WhiteElo "2363"]
[BlackElo "2500"]
[PlyCount "112"]
[EventDate "2016.??.??"]



1. c4 Nf6 2. g3 g6 3. Bg2 Bg7 4. Nc3 O-O 5. e4 c5 6. Nge2 Nc6 7. O-O Rb8 8. d3
a6 9. Be3 d6 10. h3 Ne8 11. d4 cxd4 12. Nxd4 Nc7 13. Qd2 Ne6 14. Nde2 b5 15.
cxb5 axb5 16. Rac1 Ne5 17. b3 Nc5 18. Nf4 b4 19. Ncd5 Na6 20. Bb6 Qd7 21. Bd4
e6 22. Nb6 Qb5 23. Nxc8 Rfxc8 24. Ba7 Rxc1 25. Rxc1 Rd8 26. Be3 Bf8 27. Rc2 Qb8
28. Ne2 Rc8 29. Nd4 Nc5 30. f4 Ned7 31. Rc4 Na6 32. Qc2 Rxc4 33. Qxc4 Ndc5 34.
Nc2 Bg7 35. Bd2 Qb6 36. Kf1 Qa5 37. a3 Qb6 38. axb4 Nd7 39. Be3 Qb7 40. Kf2 Nc7
41. Nd4 Nb8 42. b5 Bxd4 43. Qxd4 Nxb5 44. Qf6 Qc8 45. Kf3 Nd7 46. Qe7 Qc6 47.
Bf1 d5 48. Bxb5 Qxb5 49. Qe8+ Kg7 50. Bd4+ Kh6 51. Kf2 Qd3 52. Bh8 dxe4 53.
Qxf7 Qd2+ 54. Kg1 Qe3+ 55. Kg2 Qf3+ 56. Kh2 Qf2+ 1/2-1/2

[Event "Fredericia Chess IM 2016"]
[Site "Erritso"]
[Date "2016.05.07"]
[Round "7"]
[White "Thybo, Jesper Sondergaard"]
[Black "Livner, Anders"]
[Result "1-0"]
[WhiteElo "2373"]
[BlackElo "2338"]
[PlyCount "77"]
[EventDate "2016.??.??"]



1. e4 c6 2. d4 d5 3. Nd2 dxe4 4. Nxe4 Bf5 5. Ng3 Bg6 6. h4 h6 7. Nf3 Nd7 8. h5
Bh7 9. Bd3 Bxd3 10. Qxd3 e6 11. Bd2 Ngf6 12. O-O-O Bd6 13. Kb1 Qb6 14. c4 Bxg3
15. fxg3 O-O 16. Rh4 Rfe8 17. Bc3 Rad8 18. Qe2 Qc7 19. g4 Nh7 20. Qe3 f6 21.
Rhh1 b5 22. c5 a5 23. a3 Ra8 24. Rhe1 Nhf8 25. Qe4 Nb8 26. Bd2 Qd7 27. Bf4 Na6
28. Bd6 Nc7 29. g5 hxg5 30. h6 gxh6 31. Rh1 f5 32. Qe5 Nd5 33. Rxh6 Qg7 34.
Rdh1 Ne7 35. Qxg7+ Kxg7 36. Be5+ Kg8 37. Nxg5 Neg6 38. Rh8+ Nxh8 39. Rxh8# 1-0

[Event "Fredericia Chess IM 2016"]
[Site "Erritso"]
[Date "2016.05.07"]
[Round "7"]
[White "Dyrgaard, Kristoffer"]
[Black "Seegert, Kristian"]
[Result "1-0"]
[WhiteElo "2278"]
[BlackElo "2231"]
[PlyCount "127"]
[EventDate "2016.??.??"]



1. e4 e5 2. Nf3 Nc6 3. Bb5 f5 4. d3 fxe4 5. dxe4 Nf6 6. O-O Bc5 7. Bxc6 bxc6 8.
Nxe5 O-O 9. Nc3 d6 10. Na4 Qe8 11. Nd3 Bd4 12. c3 Bb6 13. Nxb6 axb6 14. f3 Be6
15. b3 Qf7 16. Be3 Ra5 17. Nf4 Bd7 18. a4 Rfa8 19. Rb1 b5 20. axb5 cxb5 21. Bd4
Nh5 22. Nxh5 Qxh5 23. Rb2 Be6 24. f4 Bg4 25. Qe1 Ra2 26. Rxa2 Rxa2 27. Qg3 c5
28. Bxg7 Qg6 29. Bf6 Be2 30. Qxg6+ hxg6 31. Re1 Kf7 32. e5 d5 33. e6+ Kxf6 34.
e7 Kxe7 35. Kf2 Kf6 36. Rxe2 Ra3 37. b4 Rxc3 38. bxc5 Rxc5 39. Rb2 d4 40. Kf3
Rc3+ 41. Ke4 d3 42. Ke3 Ra3 43. g3 b4 44. Rd2 b3 45. Kxd3 Ra2 46. Kc3 Ra8 47.
Kxb3 Rh8 48. Rd6+ Kf7 49. h4 Re8 50. Kc4 Re3 51. Rd3 Re1 52. Kd4 Kf6 53. Re3
Ra1 54. Ke4 Rf1 55. Ra3 Kg7 56. Ra5 Kh6 57. Ke3 Rb1 58. Kf3 Rb8 59. Kg4 Rg8 60.
Ra6 Kh7 61. Kg5 Rg7 62. Rb6 Rg8 63. Rb7+ Kh8 64. Kh6 1-0

[Event "Fredericia Chess IM 2016"]
[Site "Erritso"]
[Date "2016.05.07"]
[Round "7"]
[White "Fries Nielsen, Jens Ove"]
[Black "Olsen, Filip Boe"]
[Result "1-0"]
[WhiteElo "2356"]
[BlackElo "2175"]
[PlyCount "83"]
[EventDate "2016.??.??"]



1. Nf3 d5 2. g3 Nf6 3. Bg2 Bf5 4. d3 e6 5. O-O Be7 6. Nfd2 c6 7. e4 Bg6 8. Nc3
O-O 9. h3 h6 10. f4 dxe4 11. dxe4 Na6 12. g4 Bh7 13. a3 Nc5 14. Qe2 b5 15. Kh1
a5 16. e5 Nd5 17. Nce4 Nxe4 18. Nxe4 Qc7 19. Bd2 Rad8 20. Be1 f5 21. exf6 Bxf6
22. c3 Qb6 23. Bf2 Qb8 24. Bg3 Rfe8 25. Rad1 a4 26. Nxf6+ gxf6 27. Qe1 Kg7 28.
g5 Bf5 29. gxf6+ Nxf6 30. Bh4 Rxd1 31. Bxf6+ Kxf6 32. Qh4+ Kf7 33. Rxd1 Qc8 34.
Rd6 Rg8 35. Bf3 Qc7 36. Rxc6 Qa7 37. Qe1 Qb7 38. Qf2 Qb8 39. Rb6 Qd8 40. Rb7+
Kg6 41. Qg3+ Kf6 42. Qh4+ 1-0

[Event "Fredericia Chess IM 2016"]
[Site "Erritso"]
[Date "2016.05.08"]
[Round "8"]
[White "Lubbe, Melanie"]
[Black "Scheerer, Christoph"]
[Result "1-0"]
[WhiteElo "2261"]
[BlackElo "2363"]
[PlyCount "115"]
[EventDate "2016.??.??"]



1. e4 b6 2. d4 Bb7 3. Nc3 e6 4. a3 g6 5. Be3 Bg7 6. Qd2 d6 7. O-O-O Nd7 8. h4
h6 9. g4 Ne7 10. Nge2 a6 11. Rg1 b5 12. f4 h5 13. f5 hxg4 14. fxe6 fxe6 15. Nf4
Nf8 16. Rxg4 Bc8 17. Nfe2 c6 18. Qe1 a5 19. Rg1 b4 20. Nb1 Qb6 21. a4 Bd7 22.
Nd2 d5 23. Kb1 O-O-O 24. Bg5 Re8 25. Nb3 dxe4 26. Ng3 Nf5 27. Nxe4 Nh7 28. Bf4
Nf8 29. Be5 Re7 30. Nbc5 Kd8 31. Nd6 Bc8 32. Nc4 Qa7 33. Bg2 Bd7 34. Nxa5 Ke8
35. Nxc6 Bxc6 36. Bxc6+ Kf7 37. Bxg7 Kxg7 38. Qe5+ Kg8 39. Ne4 Rxh4 40. Rh1 Qc7
41. Rxh4 Nxh4 42. Qxc7 Rxc7 43. Bb5 Ra7 44. Ka2 Nf5 45. Kb3 Ne3 46. Re1 Nd5 47.
Ng5 Kg7 48. Nxe6+ Nxe6 49. Rxe6 Nf4 50. Re1 g5 51. Kxb4 Kf6 52. Bc6 Ne6 53.
Rf1+ Ke7 54. c3 Kd6 55. Be4 Nf4 56. Rh1 Re7 57. Rh6+ Kc7 58. Rh7 1-0

[Event "Fredericia Chess IM 2016"]
[Site "Erritso"]
[Date "2016.05.08"]
[Round "8"]
[White "Seegert, Kristian"]
[Black "Lubbe, Nikolas"]
[Result "0-1"]
[WhiteElo "2231"]
[BlackElo "2500"]
[PlyCount "62"]
[EventDate "2016.??.??"]



1. e4 c5 2. Nf3 Nc6 3. d4 cxd4 4. Nxd4 Nf6 5. Nc3 d6 6. Bg5 e6 7. Qd2 a6 8.
O-O-O Bd7 9. Kb1 h6 10. Bh4 Rc8 11. f4 Qc7 12. Be2 Be7 13. Rhe1 Nxe4 14. Nxe4
Bxh4 15. Nf5 exf5 16. Nxd6+ Kf8 17. Nxc8 Bxc8 18. g3 Bf6 19. Bc4 g6 20. h4 Kg7
21. h5 Rd8 22. Qe3 Na5 23. Bd5 gxh5 24. b3 Nc6 25. c4 Nb4 26. Bf3 Nxa2 27. Rxd8
Nc3+ 28. Kc2 Qxd8 29. Bxh5 Ne4 30. Bf3 Qa5 31. Re2 Qa2+ 0-1

[Event "Fredericia Chess IM 2016"]
[Site "Erritso"]
[Date "2016.05.08"]
[Round "8"]
[White "Livner, Anders"]
[Black "Matthiesen, Martin"]
[Result "1-0"]
[WhiteElo "2338"]
[BlackElo "2338"]
[PlyCount "65"]
[EventDate "2016.??.??"]



1. c4 g6 2. g3 Bg7 3. Bg2 c5 4. Nc3 Nc6 5. a3 e6 6. Rb1 Nge7 7. b4 cxb4 8. axb4
d5 9. b5 Ne5 10. cxd5 exd5 11. d4 Nc4 12. Bg5 Qa5 13. Rc1 f6 14. Bd2 Nxd2 15.
Qxd2 Be6 16. e3 O-O 17. Nge2 Rfc8 18. O-O Rc4 19. Qd3 Kf7 20. Ra1 Qb6 21. Nf4
Rac8 22. Ncxd5 Nxd5 23. Nxd5 Qxb5 24. Nf4 Bf5 25. Qe2 Rb4 26. Qa2+ Kf8 27. Ne6+
Bxe6 28. Qxe6 Qe8 29. Qh3 a6 30. Rfc1 f5 31. Qxh7 Qe6 32. Rxc8+ Qxc8 33. Bd5
1-0

[Event "Fredericia Chess IM 2016"]
[Site "Erritso"]
[Date "2016.05.08"]
[Round "8"]
[White "Olsen, Filip Boe"]
[Black "Thybo, Jesper Sondergaard"]
[Result "0-1"]
[WhiteElo "2175"]
[BlackElo "2373"]
[PlyCount "64"]
[EventDate "2016.??.??"]



1. d4 Nf6 2. c4 e6 3. Nf3 c5 4. d5 exd5 5. cxd5 d6 6. Nc3 g6 7. Bf4 Bg7 8. e3
O-O 9. Bd3 Na6 10. Bxa6 bxa6 11. Nd2 Nh5 12. Bg3 Rb8 13. Qc2 Bf5 14. e4 Nxg3
15. hxg3 Bd7 16. O-O h5 17. Nf3 Bg4 18. Rab1 Rb7 19. Qd3 Qa5 20. Nd2 Rfb8 21.
Nc4 Qd8 22. b3 Rb4 23. Rfe1 a5 24. Nb2 Be5 25. Nba4 h4 26. f3 Bd7 27. g4 Qf6
28. Qd2 Rd4 29. Qc2 Qf4 30. Ne2 Qe3+ 31. Kh1 Rd2 32. Qc4 Bb5 0-1

[Event "Fredericia Chess IM 2016"]
[Site "Erritso"]
[Date "2016.05.08"]
[Round "8"]
[White "Dyrgaard, Kristoffer"]
[Black "Fries Nielsen, Jens Ove"]
[Result "0-1"]
[WhiteElo "2278"]
[BlackElo "2356"]
[PlyCount "122"]
[EventDate "2016.??.??"]



1. e4 d6 2. d4 Nf6 3. Nc3 Nc6 4. f4 Bg4 5. Be2 Bxe2 6. Ngxe2 e6 7. O-O h6 8. a3
Qd7 9. b4 d5 10. e5 Ng8 11. f5 exf5 12. Nf4 Nge7 13. e6 fxe6 14. Re1 Nd8 15.
Qe2 Kf7 16. g4 g5 17. gxf5 gxf4 18. Qh5+ Kg8 19. f6 Nf5 20. Qg6+ Bg7 21. Bxf4
Rh7 22. Kh1 Qf7 23. Qxf7+ Kxf7 24. fxg7 Rxg7 25. Bxc7 Rc8 26. Nb5 a6 27. Nd6+
Nxd6 28. Bxd6 Rxc2 29. Rf1+ Ke8 30. Rf6 Kd7 31. Be5 Rh7 32. Raf1 Ke7 33. Bg3
Kd7 34. Bf4 h5 35. Bg5 Nc6 36. R6f4 Ra2 37. R1f3 Kc7 38. h4 Kb6 39. Rf6 Kb5 40.
Rd3 Kc4 41. Rff3 Rc2 42. Rde3 Kxd4 43. Rxe6 Kc4 44. Rd6 Rh8 45. Rf4+ d4 46. Bf6
Rf8 47. Rf5 Kb3 48. b5 Re8 49. Kg1 Re1+ 50. Rf1 Rxf1+ 51. Kxf1 axb5 52. Rd5 Kc4
53. Rxh5 d3 54. Ke1 Rh2 55. Rh7 Kb3 56. Kd1 Na5 57. Rd7 Rh3 58. Bd4 Nc4 59. Bg1
Rf3 60. Ke1 Kc2 61. h5 Rf6 0-1

[Event "Fredericia Chess IM 2016"]
[Site "Erritso"]
[Date "2016.05.08"]
[Round "9"]
[White "Lubbe, Nikolas"]
[Black "Lubbe, Melanie"]
[Result "1-0"]
[WhiteElo "2500"]
[BlackElo "2261"]
[PlyCount "107"]
[EventDate "2016.??.??"]



1. e4 c5 2. Nf3 Nc6 3. d4 cxd4 4. Nxd4 g6 5. Nc3 Bg7 6. Nde2 Nf6 7. g3 O-O 8.
Bg2 d6 9. O-O Bd7 10. h3 Rc8 11. a4 Na5 12. Rb1 a6 13. Qd3 Qc7 14. Rd1 Rb8 15.
Bg5 Be6 16. Nf4 Nc4 17. Bxf6 Bxf6 18. Ncd5 Bxd5 19. Nxd5 Qc5 20. Nxf6+ exf6 21.
b3 Ne5 22. Qxd6 Qxc2 23. Rdc1 Qd3 24. Qxf6 Rfe8 25. Rd1 Qc2 26. Qb6 Qe2 27. Re1
Nf3+ 28. Bxf3 Qxf3 29. Re3 Qh5 30. Kg2 Qe5 31. Rd1 Re6 32. Qa7 Qc7 33. Rc1 Qd6
34. Rc4 b5 35. Rc7 Rf8 36. axb5 axb5 37. Rf3 Rf6 38. Rd7 Qe6 39. Rxf6 Qxf6 40.
Qd4 Qxd4 41. Rxd4 Kg7 42. Rd5 Rb8 43. b4 Kf6 44. Kf3 Ke6 45. Rc5 Rb7 46. g4 h6
47. h4 Rb6 48. Ke3 Kd6 49. f4 Rb7 50. h5 Rb6 51. hxg6 fxg6 52. f5 gxf5 53. gxf5
Ke7 54. Kf4 1-0

[Event "Fredericia Chess IM 2016"]
[Site "Erritso"]
[Date "2016.05.08"]
[Round "9"]
[White "Scheerer, Christoph"]
[Black "Livner, Anders"]
[Result "1/2-1/2"]
[WhiteElo "2363"]
[BlackElo "2338"]
[PlyCount "67"]
[EventDate "2016.??.??"]



1. c4 c6 2. g3 d5 3. Nf3 Bg4 4. Bg2 e6 5. Ne5 Bf5 6. cxd5 exd5 7. O-O Nd7 8.
Nf3 h6 9. Nc3 Ngf6 10. d3 Bc5 11. Rb1 O-O 12. b4 Bb6 13. Na4 Bc7 14. Qc2 Bd6
15. Nc5 Qc7 16. Nd4 Bh7 17. Bh3 a5 18. Nxd7 Nxd7 19. Nb5 cxb5 20. Qxc7 Bxc7 21.
Bxd7 axb4 22. Rxb4 Rxa2 23. Bg4 Ra4 24. Rxa4 bxa4 25. Ba3 Rd8 26. Rc1 Ba5 27.
Be7 Rb8 28. Bd7 b5 29. Bxb5 Bd8 30. Bxd8 Rxb5 31. Rc8 Bf5 32. Ra8 Bd7 33. Kg2
Rb7 34. Bf6+ 1/2-1/2

[Event "Fredericia Chess IM 2016"]
[Site "Erritso"]
[Date "2016.05.08"]
[Round "9"]
[White "Thybo, Jesper Sondergaard"]
[Black "Dyrgaard, Kristoffer"]
[Result "1-0"]
[WhiteElo "2373"]
[BlackElo "2278"]
[PlyCount "99"]
[EventDate "2016.??.??"]



1. d4 Nf6 2. c4 g6 3. Nc3 d5 4. cxd5 Nxd5 5. e4 Nxc3 6. bxc3 Bg7 7. Qa4+ Bd7 8.
Qa3 b6 9. Nf3 O-O 10. Bg5 c5 11. Rd1 Bg4 12. Be2 Qc7 13. O-O Nc6 14. Qc1 Rac8
15. Qe3 Na5 16. h3 Bxf3 17. Qxf3 e5 18. Ba6 Rb8 19. d5 Qd6 20. c4 Nb7 21. Bxb7
Rxb7 22. Bd2 Bf6 23. Rb1 Bd8 24. Qg3 f6 25. f4 Rbf7 26. fxe5 fxe5 27. Rxf7 Rxf7
28. a4 a5 29. h4 h5 30. Rb3 Kg7 31. Rf3 Bc7 32. Qg5 Rxf3 33. gxf3 Qf6 34. Qxf6+
Kxf6 35. Bg5+ Kf7 36. Kf2 Ke8 37. Ke3 Kf7 38. Kd3 Ke8 39. Ke2 Bd6 40. Bf6 Kd7
41. Kd3 Kc7 42. f4 exf4 43. e5 Bf8 44. Ke4 Bh6 45. e6 Kd6 46. Bd8 Bf8 47. Kxf4
Bh6+ 48. Ke4 Bg7 49. e7 Kd7 50. d6 1-0

[Event "Fredericia Chess IM 2016"]
[Site "Erritso"]
[Date "2016.05.08"]
[Round "9"]
[White "Fries Nielsen, Jens Ove"]
[Black "Seegert, Kristian"]
[Result "1-0"]
[WhiteElo "2356"]
[BlackElo "2231"]
[PlyCount "75"]
[EventDate "2016.??.??"]



1. e3 e5 2. c4 Nc6 3. Nc3 Nf6 4. Nf3 a6 5. d4 exd4 6. Nxd4 Bb4 7. Nde2 Ne4 8.
Bd2 Ne5 9. Nf4 Nxc3 10. Bxc3 Bxc3+ 11. bxc3 O-O 12. Be2 d6 13. O-O b6 14. Nd5
Nd7 15. f4 a5 16. f5 c6 17. Nf4 Ne5 18. Nh5 Qg5 19. e4 Ba6 20. Rf4 Bxc4 21.
Bxc4 Nxc4 22. Rg4 Qe3+ 23. Kh1 g6 24. Rg3 Qd2 25. Qf1 Ne5 26. Rd1 Qxa2 27. h3
f6 28. fxg6 Nxg6 29. Rxd6 Rad8 30. Qf5 Rxd6 31. Rxg6+ Kh8 32. Rg7 Qg8 33. Rxg8+
Kxg8 34. Qg4+ Kf7 35. Qg7+ Ke8 36. Qc7 Rd7 37. Qxc6 Ke7 38. Nf4 1-0

[Event "Fredericia Chess IM 2016"]
[Site "Erritso"]
[Date "2016.05.08"]
[Round "9"]
[White "Matthiesen, Martin"]
[Black "Olsen, Filip Boe"]
[Result "1/2-1/2"]
[WhiteElo "2338"]
[BlackElo "2175"]
[PlyCount "104"]
[EventDate "2016.??.??"]



1. c4 c6 2. Nf3 d5 3. g3 Nf6 4. Bg2 Bf5 5. O-O e6 6. d3 Be7 7. cxd5 cxd5 8. Qb3
Qb6 9. Qxb6 axb6 10. Nc3 Nc6 11. Bf4 h6 12. a3 O-O 13. b4 Rfc8 14. Nb5 g5 15.
Be3 Nd7 16. h4 Bg4 17. hxg5 hxg5 18. Rac1 Bxf3 19. Bxf3 Nce5 20. Bg2 Rc6 21.
Bd2 Bf6 22. f4 gxf4 23. gxf4 Ng6 24. f5 Ngf8 25. e4 Bb2 26. fxe6 fxe6 27. Rcd1
d4 28. e5 Rc2 29. Bxb7 Rb8 30. Be4 Nxe5 31. Bf4 Nfd7 32. Rf2 Rbc8 33. Rdd2 Rxd2
34. Rxd2 Rc1+ 35. Kh2 Rb1 36. Rc2 Nf7 37. Bd2 Nf6 38. Bf3 Ne5 39. Be2 Nfg4+ 40.
Kg2 Kg7 41. Bxg4 Nxg4 42. Kf3 Nh2+ 43. Ke4 Nf1 44. Ke5 Nxd2 45. Rxd2 Re1+ 46.
Kd6 Bc1 47. Rg2+ Kh6 48. Kc6 e5 49. Kxb6 e4 50. Nxd4 exd3 51. Nb3 Bxa3 52. b5
Bc1 1/2-1/2